|
|
|
|
| LEADER |
00649cam a2200193 7i4500 |
| 001 |
0000044974 |
| 005 |
20170218090000.0 |
| 008 |
121008 eng |
| 020 |
|
|
|a 0201729601
|
| 090 |
0 |
0 |
|a HG6024.A3
|b M67 2003
|
| 100 |
1 |
|
|a McDonald, Robert L.
|
| 245 |
1 |
0 |
|a Derivatives markets
|c Robert L. McDonald.
|
| 260 |
|
|
|a Boston:
|b Addison-Wesley,
|c 2003.
|
| 300 |
|
|
|a xxvi, 881 p.:
|b ill.;
|c 24 cm.
|
| 504 |
|
|
|a Includes bibliographical references (p. 853-862) and index
|
| 650 |
0 |
0 |
|a Derivative securities
|
| 997 |
|
|
|a Business & Accountancy, Faculty
|
| 998 |
|
|
|a Finance, Degree
|
| 999 |
|
|
|a 0000026115
|b BOK
|c OPEN SHELF
|e 1st Floor, Shah Alam
|